Statistics for Manchester City Players At 2018 World Cup

Click here to take the quiz!

General Stats

  • This quiz has been taken 295 times
  • The average score is 13 of 16

Answer Stats

CountryAnswer% Correct
BelgiumDe Bruyne
97%
ArgentinaAguero
94%
SpainSilva
90%
PortugalSilva
90%
EnglandStones
90%
EnglandWalker
90%
BrazilFernandinho
89%
BelgiumKompany
88%
BrazilJesus
87%
BrazilEderson
85%
EnglandSterling
85%
GermanyGundogan
84%
ArgentinaOtamendi
83%
FranceMendy
79%
BrazilDanilo
58%
EnglandDelph
49%

Score Distribution

Percentile by Number Answered

Percent of People with Each Score

Your Score History

You have not taken this quiz